| 000 | nam a22 a 4500 | ||
|---|---|---|---|
| 999 |
_c484633 _d484633 |
||
| 003 | BLK | ||
| 005 | 20221207084046.0 | ||
| 008 | 200410b bu ||||| |||| 00| 0 bu d | ||
| 040 | _aBLK | ||
| 041 |
_aBUL _cBUL |
||
| 080 |
_aМеждународно икономическо сътрудничество. Международна икономическа интеграция. Трансфер на технологии (икон. аспекти) _b339.92 _z339.92(4) |
||
| 100 |
_9431447 _aНачев, Начо Димитров _eпърви автор |
||
| 139 | _aНачев, Начо Димитров | ||
| 245 |
_aЗападноевропейската интеграция и работническата класа _b[Полит. очерк] _cНачо Начев. |
||
| 260 |
_9210729 _aСофия _bПрофиздат _c1980 |
||
| 300 |
_a135 с. _c21 см |
||
| 380 | _a3 | ||
| 650 | 0 |
_9466661 _aЕвропа - общ пазар |
|
| 650 | 0 |
_9250409 _aИкономическа интеграция - България с Европейската общност |
|
| 653 | 7 |
_9198844 _aтърговия |
|
| 653 | 7 |
_9185942 _aЕИО |
|
| 852 |
_aЦб 105604 _bЦб |
||
| 856 |
_i0.00 _ldisable |
||
| 942 |
_cKNG _n0 _s1 |
||
| 944 |
_aCR _c2022-12-07 _kнр |
||